The battle for sabarimala: Religion, law, and gender in contemporary India (Record no. 1308866)

MARC details
000 -LEADER
fixed length control field 00921nam a2200217 4500
005 - DATE AND TIME OF LATEST TRANSACTION
control field 20250411124436.0
008 - FIXED-LENGTH DATA ELEMENTS--GENERAL INFORMATION
fixed length control field 250411b |||||||| |||| 00| 0 eng d
020 ## - INTERNATIONAL STANDARD BOOK NUMBER
International Standard Book Number 9789391050139
037 ## - SOURCE OF ACQUISITION
Terms of availability Textual
040 ## - CATALOGING SOURCE
Original cataloging agency RTL
Transcribing agency RTL
084 ## - COLON CLASSIFICATION NUMBER
Classification number Y15:3(Q):(Z).2 R3
Assigning agency RTL
100 ## - MAIN ENTRY--PERSONAL NAME
Personal name Acevedo, deepa das
9 (RLIN) 752157
245 ## - TITLE STATEMENT
Title The battle for sabarimala: Religion, law, and gender in contemporary India
260 ## - PUBLICATION, DISTRIBUTION, ETC.
Place of publication, distribution, etc. New Delhi
Name of publisher, distributor, etc. Oxford university press
Date of publication, distribution, etc. 2023
300 ## - PHYSICAL DESCRIPTION
Extent xxvii, 241 p.
Other physical details Includes bibliographical reference and index
520 ## - SUMMARY, ETC.
Summary, etc. The Battle for Sabarimala' tells the story of one of contemporary India's most contentious disputes: a long-running struggle over women's access to the Hindu temple at Sabarimala
650 ## - SUBJECT ADDED ENTRY--TOPICAL TERM
Topical term or geographic name entry element Women's rights India
9 (RLIN) 752158
650 ## - SUBJECT ADDED ENTRY--TOPICAL TERM
Topical term or geographic name entry element Religion and law
9 (RLIN) 752159
650 ## - SUBJECT ADDED ENTRY--TOPICAL TERM
Topical term or geographic name entry element Women Religious aspects Hinduism
9 (RLIN) 752160
942 ## - ADDED ENTRY ELEMENTS (KOHA)
Source of classification or shelving scheme Colon Classification (CC)
Suppress in OPAC No
Koha item type Textbook
Classification part Y15:3(Q):(Z).2 R3
Holdings
Withdrawn status Lost status Source of classification or shelving scheme Damaged status Not for loan Home library Current library Date acquired Total Checkouts Full call number Barcode Date last seen Date last checked out Price effective from Koha item type
    Colon Classification (CC)     Ratan Tata Library Ratan Tata Library 2025-04-11 1 Y15:3(Q):(Z).2 R3 RT1585273 2026-03-19 2026-02-24 2025-04-11 Textbook
Copyright @ Delhi University Library System